On This Day: July 2nd II Quiz Stats

 Plays Quiz Updated Jul 9, 2018

Score 0/7 Timer 03:00
0 Plays Today
Question Answer Wrong Answers
This American actress, first known as a child and teenage star in films such as ‘The Parent Trap,’ ‘Freaky Friday,’ and ‘Mean Girls,’ is born.
1986
Lindsay Lohan
89.7%
Miley Cyrus
3%
Kristen Stewart
1.8%
Hilary Duff
4.4%
The U.S. Mint officially releases a dollar coin featuring this women’s rights activist who had been arrested in her hometown of Rochester, New York, for voting in 1872.
1979
Susan B. Anthony
89.3%
Elisabeth Cady Stanton
4.9%
Sojourner Truth
3.5%
Florence Nightingale
1.4%
Joseph Cinqué and 52 other slaves take control of this ship off the coast of Cuba. The event and subsequent U.S. Supreme Court trial were later commemorated in the 1997 Steven Spielberg film named after the ship.
1839
Amistad
87.3%
Santa María
6.9%
Monitor
2%
Queen Mary
3.7%
The first Broadway run of this musical, centered on a Jewish patriarch with five daughters in early 20th century Russia, closes after a record 3,242 performances.
1972
Fiddler on the Roof
86.7%
My Fair Lady
2.7%
Les Misérables
3.7%
Anastasia
6.1%
This US President signs the Civil Rights Act of 1964, outlawing segregation in public places and banning discrimination based on race, color, religion, sex or national origin in employment.
1964
Lyndon B. Johnson
82.1%
John F. Kennedy
13.6%
Richard Nixon
2%
Harry Truman
1.7%
Victor Emmanuel II enters this city and makes it the capital of a unified Italy after defeating the Papal States.
1871
Rome
79.6%
Vatican City
16.1%
Florence
2.4%
Milan
1.6%
Steve Fossett, an American millionaire adventurer, becomes the first person to complete a nonstop, solo flight around the world in a ______.
2002
balloon
74%
helicopter
1.9%
solar plane
17.6%
hang glider
5.3%

You're not logged in!

Compare scores with friends on all Sporcle quizzes.
OR
Log In

Sporcle TV

Today on Sporcle TV


Watch our educational content, quiz creation guides, and fun videos on Sporcle TV.

Show Comments

Extras

Top Quizzes Today


Score Distribution

Your Account Isn't Verified!

In order to create a playlist on Sporcle, you need to verify the email address you used during registration. Go to your Sporcle Settings to finish the process.

Report this User

Report this user for behavior that violates our Community Guidelines.

Details: